5HLuxD.jpg

KING HENRY VIII SENIOR AND PRIMARY SCHOOL LIBRARY OPAC

Greenwild : (Record no. 5344)

000 -LEADER
fixed length control field 02356nam a2200421 i 4500
001 - CONTROL NUMBER
control field ocn1398278282
003 - CONTROL NUMBER IDENTIFIER
control field OSt
005 - DATE AND TIME OF LATEST TRANSACTION
control field 20250908114140.0
008 - FIXED-LENGTH DATA ELEMENTS--GENERAL INFORMATION
fixed length control field 240611t20242024nyuab j 000 1 eng d
020 ## - INTERNATIONAL STANDARD BOOK NUMBER
International Standard Book Number 9781250894557
040 ## - CATALOGING SOURCE
Original cataloging agency DLC
Language of cataloging eng
Description conventions rda
Transcribing agency DLC
Modifying agency IMmBT
-- CaOL
-- KH8
082 ## - DEWEY DECIMAL CLASSIFICATION NUMBER
Classification number FIC THO
100 1# - MAIN ENTRY--PERSONAL NAME
Personal name Thomson, Pari,
Relator term author.
245 10 - TITLE STATEMENT
Title Greenwild :
Remainder of title the city beyond the sea /
Statement of responsibility, etc. Pari Thomson ; illustrations, Elisa Paganelli.
246 33 - VARYING FORM OF TITLE
Title proper/short title Green wild.
246 30 - VARYING FORM OF TITLE
Title proper/short title The city beyond the sea.
250 ## - EDITION STATEMENT
Edition statement First edition.
264 #1 - PRODUCTION, PUBLICATION, DISTRIBUTION, MANUFACTURE, AND COPYRIGHT NOTICE
Place of production, publication, distribution, manufacture New York :
Name of producer, publisher, distributor, manufacturer Farrar Straus Giroux,
Date of production, publication, distribution, manufacture, or copyright notice 2024.
264 #4 - PRODUCTION, PUBLICATION, DISTRIBUTION, MANUFACTURE, AND COPYRIGHT NOTICE
Date of production, publication, distribution, manufacture, or copyright notice ©2024.
300 ## - PHYSICAL DESCRIPTION
Extent 380 pages :
Other physical details illustrations, color map ;
Dimensions 22 cm.
336 ## - CONTENT TYPE
Content type term text
Content type code txt
Source rdacontent.
337 ## - MEDIA TYPE
Media type term unmediated
Media type code n
Source rdamedia.
338 ## - CARRIER TYPE
Carrier type term volume
Carrier type code nc
Source rdacarrier.
490 1# - SERIES STATEMENT
Series statement Greenwild ;
Volume/sequential designation 2.
500 ## - GENERAL NOTE
General note Colour maps on endpapers.
520 ## - SUMMARY, ETC.
Summary, etc. Daisy Thistledown's epic adventure continues in the spellbinding sequel to New York Times bestseller The World Behind the Door by Pari Thomson.In a land ruled by water, treachery runs deep . . . Daisy Thistledown and the Five O'Clock Club might have defeated a terrifying foe, but their journey to find the missing Botanists is only just beginning.Desperate to join the long-awaited expedition to the heart of the Amazon, Daisy and her friends abandon the safety of magical Mallowmarsh –only to fall face-first into danger on the high seas when they find themselves pursued across the waves by Grim Reapers. Their only to find the legendary Iffenwild, a mysterious pocket of the Greenwild hidden and lost to time.But beneath the waves, a strange botanical magic stirs. And it will take all of Daisy's courage and determination – and the trust of an unexpected new friend – if she is to discover the truth that haunts Iffenwild, and save the Greenwild from a terrible fate.
650 #0 - SUBJECT ADDED ENTRY--TOPICAL TERM
Topical term or geographic name entry element Preteen girls
Form subdivision Juvenile fiction.
650 #0 - SUBJECT ADDED ENTRY--TOPICAL TERM
Topical term or geographic name entry element Missing persons
Form subdivision Juvenile fiction.
650 #0 - SUBJECT ADDED ENTRY--TOPICAL TERM
Topical term or geographic name entry element Magic
Form subdivision Juvenile fiction.
650 #0 - SUBJECT ADDED ENTRY--TOPICAL TERM
Topical term or geographic name entry element Rescues
Form subdivision Juvenile fiction.
650 #0 - SUBJECT ADDED ENTRY--TOPICAL TERM
Topical term or geographic name entry element Mothers and daughters
Form subdivision Juvenile fiction.
650 #7 - SUBJECT ADDED ENTRY--TOPICAL TERM
Topical term or geographic name entry element Nature fiction.
Source of heading or term lcgft.
-- genre.
650 #7 - SUBJECT ADDED ENTRY--TOPICAL TERM
Topical term or geographic name entry element Sea fiction.
Source of heading or term lcgft.
-- genre.
650 #7 - SUBJECT ADDED ENTRY--TOPICAL TERM
Topical term or geographic name entry element Fantasy fiction.
Source of heading or term lcgft.
-- genre.
700 1# - ADDED ENTRY--PERSONAL NAME
Personal name Paganelli, Elisa,
Dates associated with a name 1985-
Relator term illustrator.
830 #0 - SERIES ADDED ENTRY--UNIFORM TITLE
Uniform title Greenwild ;
Volume/sequential designation 2.
942 ## - ADDED ENTRY ELEMENTS (KOHA)
Source of classification or shelving scheme
Koha item type Books - Fiction
Holdings
Withdrawn status Lost status Source of classification or shelving scheme Damaged status Not for loan Collection code Permanent Location Current Location Shelving location Date acquired Full call number Barcode Date last seen Price effective from Koha item type
          Fiction KH8 Senior School Library KH8 Senior School Library Fiction 2025-09-08 FIC THO 3KHSL000102394 2025-09-08 2025-09-08 Books - Fiction

Powered By KH8 IT Dept